Tile Select - Florida - Statistics

General Stats
  • This quiz has been taken 21 times
  • The average score is 41 of 60
Answer Stats
Question Tile Select % Correct
Florida cities with over 150,000 people Davie No
100%
Florida cities with over 150,000 people Key West No
100%
pictures of Florida Yes
94%
pictures of Florida No
94%
Major League sports teams in Florida Astros No
94%
Florida cities with over 150,000 people Fort Lauderdale Yes
94%
Florida cities with over 150,000 people Jacksonville Yes
94%
Florida cities with over 150,000 people Miami Yes
94%
Major League sports teams in Florida Seahawks No
94%
Florida cities with over 150,000 people Tampa Yes
94%
Major League sports teams in Florida Falcons No
88%
Major League sports teams in Florida Nationals No
88%
Major League sports teams in Florida Suns No
88%
pictures of Florida No
81%
pictures of Florida No
81%
pictures of Florida No
81%
Major League sports teams in Florida Buccaneers Yes
81%
Florida cities with over 150,000 people Clearwater No
81%
Major League sports teams in Florida Magic Yes
81%
Major League sports teams in Florida Marlins Yes
81%
Florida cities with over 150,000 people Melbourne No
81%
theme parks in the Orlando Metro Area Six Flags No
81%
Florida cities with over 150,000 people St. Augustine No
81%
theme parks in the Orlando Metro Area Universal Studios Yes
81%
pictures of Florida Yes
75%
pictures of Florida No
75%
pictures of Florida Yes
75%
famous people born in Florida Andrew Jackson No
75%
theme parks in the Orlando Metro Area Animal Kingdom Yes
75%
theme parks in the Orlando Metro Area EPCOT Yes
75%
Major League sports teams in Florida Jaguars Yes
75%
theme parks in the Orlando Metro Area Magic Kingdom Yes
75%
Florida cities with over 150,000 people Orlando Yes
75%
Major League sports teams in Florida Rays Yes
75%
pictures of Florida Yes
69%
pictures of Florida Yes
69%
theme parks in the Orlando Metro Area Busch Gardens No
69%
theme parks in the Orlando Metro Area SeaWorld Yes
69%
Florida cities with over 150,000 people Pensacola No
63%
famous people born in Florida Ray Charles No
63%
Major League sports teams in Florida Hurricanes No
56%
famous people born in Florida Joaquin Phoenix No
56%
Major League sports teams in Florida Panthers Yes
56%
famous people born in Florida Pitbull Yes
56%
pictures of Florida Yes
50%
famous people born in Florida Ariana Grande Yes
50%
famous people born in Florida Dwayne Johnson No
50%
theme parks in the Orlando Metro Area LEGOLAND No
50%
Florida cities with over 150,000 people Sarasota No
50%
pictures of Florida Yes
44%
famous people born in Florida Cameron Diaz No
44%
Florida cities with over 150,000 people Daytona Beach No
44%
Florida cities with over 150,000 people Port St. Lucie Yes
44%
famous people born in Florida XXXTentacion Yes
44%
famous people born in Florida Bob Ross Yes
31%
Florida cities with over 150,000 people Pembroke Pines Yes
31%
theme parks in the Orlando Metro Area Gatorland Yes
25%
famous people born in Florida Sidney Poitier Yes
19%
famous people born in Florida Wesley Snipes Yes
19%
famous people born in Florida Maya Rudolph Yes
13%
No matching quizzes found
Score Distribution
Percent of People with Each Score
Percentile by Number Answered
Your Score History
You have not taken this quiz